[Event "DEM U18 2023"]
[Site "Willingen GER"]
[Date "2023.05.28"]
[Round "2"]
[White "Plaumann, Arvin"]
[Black "Eull, Emil"]
[Result "0-1"]
[Termination "normal"]
[Board "14"]
[WhiteElo "1786"]
[BlackElo "1937"]
[WhiteClock "00:17:55"]
[BlackClock "00:06:40"]
[PlyCount "130"]
[WhiteFideId "16272927"]
[BlackFideId "16253809"]
[EventCountry "GER"]
[EventRounds "9"]
[EventType "swiss"]
[EventDate "2023.05.27"]

1. d4 {[%clk 01:30:58]} {[%emt 00:00:02]} d5 {[%clk 01:30:54]} {[%emt
00:00:06]} 2. Nf3 {[%clk 01:31:24]} {[%emt 00:00:04]} Nf6 {[%clk 01:31:16]}
{[%emt 00:00:08]} 3. g3 {[%clk 01:31:49]} {[%emt 00:00:04]} e6 {[%clk
01:31:42]} {[%emt 00:00:04]} 4. Bg2 {[%clk 01:32:14]} {[%emt 00:00:06]} b5
{[%clk 01:32:05]} {[%emt 00:00:07]} 5. O-O {[%clk 01:30:20]} {[%emt 00:02:24]}
Bb7 {[%clk 01:30:04]} {[%emt 00:02:31]} 6. Bf4 {[%clk 01:24:55]} {[%emt
00:05:54]} Nbd7 {[%clk 01:29:23]} {[%emt 00:01:12]} 7. a4 {[%clk 01:20:10]}
{[%emt 00:05:15]} b4 {[%clk 01:27:33]} {[%emt 00:02:20]} 8. a5 {[%clk
01:16:52]} {[%emt 00:03:48]} Ba6 {[%clk 01:20:39]} {[%emt 00:07:24]} 9. Re1
{[%clk 01:12:06]} {[%emt 00:05:16]} c5 {[%clk 01:19:05]} {[%emt 00:02:03]} 10.
c3 {[%clk 00:59:19]} {[%emt 00:13:17]} Rc8 {[%clk 01:03:05]} {[%emt 00:16:31]}
11. Qa4 {[%clk 00:55:43]} {[%emt 00:04:06]} bxc3 {[%clk 01:00:21]} {[%emt
00:03:14]} 12. bxc3 {[%clk 00:51:28]} {[%emt 00:04:45]} Be7 {[%clk 00:55:38]}
{[%emt 00:05:13]} 13. Ne5 {[%clk 00:51:10]} {[%emt 00:00:47]} Bb7 {[%clk
00:48:31]} {[%emt 00:07:37]} 14. a6 {[%clk 00:48:07]} {[%emt 00:03:33]} Ba8
{[%clk 00:48:47]} {[%emt 00:00:14]} 15. Na3 {[%clk 00:47:08]} {[%emt 00:01:29]}
cxd4 {[%clk 00:28:26]} {[%emt 00:20:52]} 16. cxd4 {[%clk 00:40:14]} {[%emt
00:07:23]} O-O {[%clk 00:28:00]} {[%emt 00:00:56]} 17. Nxd7 {[%clk 00:38:13]}
{[%emt 00:02:32]} Nxd7 {[%clk 00:27:32]} {[%emt 00:00:57]} 18. Rec1 {[%clk
00:37:14]} {[%emt 00:01:29]} Nb6 {[%clk 00:26:02]} {[%emt 00:02:00]} 19. Qd1
{[%clk 00:34:48]} {[%emt 00:02:56]} Qd7 {[%clk 00:24:43]} {[%emt 00:01:50]} 20.
Qb3 {[%clk 00:26:24]} {[%emt 00:08:54]} Bc6 {[%clk 00:19:13]} {[%emt 00:05:59]}
21. Rab1 {[%clk 00:23:08]} {[%emt 00:03:46]} Ba4 {[%clk 00:15:24]} {[%emt
00:04:20]} 22. Qb2 {[%clk 00:22:23]} {[%emt 00:01:15]} Rxc1+ {[%clk 00:11:36]}
{[%emt 00:04:18]} 23. Rxc1 {[%clk 00:22:48]} {[%emt 00:00:05]} Rc8 {[%clk
00:11:28]} {[%emt 00:00:37]} 24. e4 {[%clk 00:18:31]} {[%emt 00:04:47]} Rxc1+
{[%clk 00:05:39]} {[%emt 00:06:19]} 25. Bxc1 {[%clk 00:18:24]} {[%emt
00:00:37]} dxe4 {[%clk 00:05:11]} {[%emt 00:00:58]} 26. Bxe4 {[%clk 00:18:43]}
{[%emt 00:00:10]} Bxa3 {[%clk 00:04:45]} {[%emt 00:00:58]} 27. Qxa3 {[%clk
00:19:08]} {[%emt 00:00:04]} Qxd4 {[%clk 00:04:54]} {[%emt 00:00:21]} 28. Qe3
{[%clk 00:16:07]} {[%emt 00:03:30]} Qd1+ {[%clk 00:04:34]} {[%emt 00:00:51]}
29. Kg2 {[%clk 00:16:23]} {[%emt 00:00:13]} Bb5 {[%clk 00:04:49]} {[%emt
00:00:16]} 30. Qd2 {[%clk 00:14:13]} {[%emt 00:02:40]} Qxd2 {[%clk 00:02:47]}
{[%emt 00:02:32]} 31. Bxd2 {[%clk 00:14:40]} {[%emt 00:00:03]} Bxa6 {[%clk
00:03:11]} {[%emt 00:00:07]} 32. f4 {[%clk 00:15:07]} {[%emt 00:00:02]} Bc4
{[%clk 00:02:32]} {[%emt 00:01:09]} 33. Kf2 {[%clk 00:15:02]} {[%emt 00:00:35]}
g6 {[%clk 00:01:56]} {[%emt 00:01:07]} 34. Ke3 {[%clk 00:15:22]} {[%emt
00:00:09]} Bd5 {[%clk 00:01:31]} {[%emt 00:00:55]} 35. Bd3 {[%clk 00:15:02]}
{[%emt 00:00:50]} Bc4 {[%clk 00:00:53]} {[%emt 00:01:08]} 36. Be4 {[%clk
00:15:09]} {[%emt 00:00:22]} f5 {[%clk 00:01:22]} {[%emt 00:00:02]} 37. Bc6
{[%clk 00:15:18]} {[%emt 00:00:20]} Bd5 {[%clk 00:01:30]} {[%emt 00:00:23]} 38.
Bb5 {[%clk 00:15:34]} {[%emt 00:00:13]} Bc4 {[%clk 00:01:46]} {[%emt 00:00:15]}
39. Bc6 {[%clk 00:15:52]} {[%emt 00:00:11]} Bd5 {[%clk 00:02:15]} {[%emt
00:00:03]} 40. Bb5 {[%clk 00:16:19]} {[%emt 00:00:02]} Kf7 {[%clk 00:01:33]}
{[%emt 00:01:11]} 41. Kd4 {[%clk 00:15:46]} {[%emt 00:01:04]} Bb7 {[%clk
00:28:29]} {[%emt 00:03:34]} 42. Kc5 {[%clk 00:44:28]} {[%emt 00:01:48]} Nc8
{[%clk 00:23:40]} {[%emt 00:05:18]} 43. Bd7 {[%clk 00:43:46]} {[%emt 00:01:12]}
Nb6 {[%clk 00:23:49]} {[%emt 00:00:22]} 44. Bb5 {[%clk 00:43:12]} {[%emt
00:01:04]} Ke7 {[%clk 00:24:09]} {[%emt 00:00:10]} 45. Bc4 {[%clk 00:32:54]}
{[%emt 00:10:49]} Bc8 {[%clk 00:17:33]} {[%emt 00:07:06]} 46. Ba5 {[%emt
00:02:35]} Nd7+ {[%clk 00:15:45]} {[%emt 00:02:19]} 47. Kc6 {[%clk 00:29:54]}
{[%emt 00:01:19]} Nb6 {[%clk 00:12:25]} {[%emt 00:03:53]} 48. Bxb6 {[%clk
00:30:05]} {[%emt 00:00:18]} Bd7+ {[%clk 00:09:16]} {[%emt 00:03:39]} 49. Kc5
{[%clk 00:30:14]} {[%emt 00:00:22]} axb6+ {[%clk 00:09:41]} {[%emt 00:00:05]}
50. Kxb6 {[%clk 00:30:37]} {[%emt 00:00:06]} Kd6 {[%clk 00:10:03]} {[%emt
00:00:08]} 51. Kb7 {[%clk 00:21:14]} {[%emt 00:09:54]} h6 {[%clk 00:07:44]}
{[%emt 00:02:48]} 52. Bb3 {[%clk 00:18:38]} {[%emt 00:03:06]} g5 {[%clk
00:06:11]} {[%emt 00:02:03]} 53. fxg5 {[%clk 00:18:57]} {[%emt 00:00:11]} hxg5
{[%clk 00:06:37]} {[%emt 00:00:04]} 54. h4 {[%clk 00:17:59]} {[%emt 00:01:27]}
gxh4 {[%clk 00:06:29]} {[%emt 00:00:40]} 55. gxh4 {[%clk 00:18:24]} {[%emt
00:00:05]} f4 {[%clk 00:05:49]} {[%emt 00:01:09]} 56. Bd1 {[%clk 00:18:41]}
{[%emt 00:00:13]} Bc6+ {[%clk 00:05:59]} {[%emt 00:00:20]} 57. Kb6 {[%clk
00:18:14]} {[%emt 00:03:13]} f3 {[%clk 00:08:05]} {[%emt 00:00:22]} 58. h5
{[%clk 00:18:25]} {[%emt 00:00:18]} f2 {[%clk 00:08:17]} {[%emt 00:00:18]} 59.
Be2 {[%clk 00:18:51]} {[%emt 00:00:05]} Bf3 {[%clk 00:04:51]} {[%emt 00:03:57]}
60. h6 {[%clk 00:16:35]} {[%emt 00:02:45]} Bxe2 {[%clk 00:05:07]} {[%emt
00:00:15]} 61. h7 {[%clk 00:16:58]} {[%emt 00:00:07]} f1=Q {[%clk 00:05:17]}
{[%emt 00:00:19]} 62. h8=Q {[%clk 00:17:23]} {[%emt 00:00:05]} Qb1+ {[%clk
00:05:35]} {[%emt 00:00:11]} 63. Ka7 {[%clk 00:17:41]} {[%emt 00:00:13]} Qa2+
{[%clk 00:05:58]} {[%emt 00:00:07]} 64. Kb8 {[%clk 00:17:40]} {[%emt 00:00:31]}
Qb3+ {[%clk 00:06:19]} {[%emt 00:00:09]} 65. Ka7 {[%clk 00:17:55]} {[%emt
00:00:15]} Qa4+ {[%clk 00:06:40]} {[%emt 00:00:09]} 0-1

[Event "DEM U18 2023"]
[Site "Willingen GER"]
[Date "2023.05.29"]
[Round "3"]
[White "Colbow, Collin"]
[Black "Farokhi, Keyvan"]
[Result "1/2-1/2"]
[Termination "normal"]
[Board "1"]
[WhiteTitle "FM"]
[BlackTitle "FM"]
[WhiteElo "2408"]
[BlackElo "2266"]
[WhiteClock "00:25:49"]
[BlackClock "01:01:44"]
[PlyCount "117"]
[WhiteFideId "16201132"]
[BlackFideId "12998630"]
[EventCountry "GER"]
[EventRounds "9"]
[EventType "swiss"]
[EventDate "2023.05.27"]

1. e4 {[%clk 01:30:54]} {[%emt 00:00:07]} c5 {[%clk 01:30:53]} {[%emt
00:00:18]} 2. Nf3 {[%clk 01:31:14]} {[%emt 00:00:12]} e6 {[%clk 01:31:13]}
{[%emt 00:00:11]} 3. d4 {[%clk 01:30:40]} {[%emt 00:00:59]} cxd4 {[%clk
01:31:35]} {[%emt 00:00:04]} 4. Nxd4 {[%clk 01:31:07]} {[%emt 00:00:02]} Nc6
{[%clk 01:31:57]} {[%emt 00:00:02]} 5. Nc3 {[%clk 01:31:30]} {[%emt 00:00:06]}
Nf6 {[%clk 01:32:14]} {[%emt 00:00:11]} 6. Ndb5 {[%clk 01:31:36]} {[%emt
00:00:26]} Bb4 {[%clk 01:32:31]} {[%emt 00:00:13]} 7. a3 {[%clk 01:31:30]}
{[%emt 00:00:36]} Bxc3+ {[%clk 01:32:53]} {[%emt 00:00:07]} 8. Nxc3 {[%clk
01:31:55]} {[%emt 00:00:05]} d5 {[%clk 01:33:16]} {[%emt 00:00:06]} 9. exd5
{[%clk 01:27:25]} {[%emt 00:05:05]} exd5 {[%clk 01:33:18]} {[%emt 00:00:28]}
10. Bd3 {[%clk 01:27:49]} O-O {[%clk 01:33:21]} {[%emt 00:00:29]} 11. O-O
{[%clk 01:27:58]} {[%emt 00:00:21]} Bg4 {[%clk 01:33:31]} {[%emt 00:00:19]} 12.
f3 {[%clk 01:22:34]} {[%emt 00:05:54]} Bh5 {[%clk 01:33:38]} {[%emt 00:00:22]}
13. Bg5 {[%clk 01:22:50]} {[%emt 00:00:15]} Qb6+ {[%clk 01:33:32]} {[%emt
00:00:38]} 14. Kh1 {[%clk 01:22:46]} {[%emt 00:00:31]} Ne4 {[%clk 01:33:50]}
{[%emt 00:00:12]} 15. Nxe4 {[%clk 01:22:41]} {[%emt 00:00:36]} dxe4 {[%clk
01:34:11]} {[%emt 00:00:09]} 16. Bxe4 {[%clk 01:23:00]} {[%emt 00:00:11]} Qxb2
{[%clk 01:34:32]} {[%emt 00:00:08]} 17. Qb1 {[%clk 01:17:34]} {[%emt 00:06:00]}
Qb6 {[%clk 01:34:24]} {[%emt 00:00:33]} 18. Qxb6 {[%clk 01:17:34]} {[%emt
00:00:32]} axb6 {[%clk 01:34:52]} {[%emt 00:00:05]} 19. Rfb1 {[%clk 01:16:11]}
{[%emt 00:01:54]} Bg6 {[%clk 01:35:14]} {[%emt 00:00:06]} 20. Bxg6 {[%clk
01:07:00]} {[%emt 00:09:41]} hxg6 {[%clk 01:33:59]} {[%emt 00:01:43]} 21. Rxb6
{[%clk 01:07:21]} {[%emt 00:00:14]} Rfe8 {[%clk 01:34:20]} {[%emt 00:00:04]}
22. h3 {[%clk 00:55:08]} {[%emt 00:12:43]} f6 {[%clk 01:34:29]} {[%emt
00:00:20]} 23. Bd2 {[%clk 00:43:16]} {[%emt 00:12:22]} Re2 {[%clk 01:30:22]}
{[%emt 00:04:36]} 24. Bb4 {[%clk 00:42:53]} {[%emt 00:00:54]} Rxc2 {[%clk
01:15:57]} {[%emt 00:14:56]} 25. Rxb7 {[%clk 00:42:44]} {[%emt 00:00:39]} Re8
{[%clk 01:16:01]} {[%emt 00:00:26]} 26. Rd1 {[%clk 00:38:57]} {[%emt 00:04:16]}
Nxb4 {[%clk 00:57:42]} {[%emt 00:18:50]} 27. axb4 {[%clk 00:28:19]} {[%emt
00:11:07]} Kh7 {[%clk 00:51:57]} {[%emt 00:06:14]} 28. Rdd7 {[%clk 00:17:28]}
{[%emt 00:11:22]} Re1+ {[%clk 00:49:36]} {[%emt 00:02:50]} 29. Kh2 {[%clk
00:17:56]} {[%emt 00:00:02]} Ree2 {[%clk 00:49:53]} {[%emt 00:00:12]} 30. Rxg7+
{[%clk 00:18:02]} {[%emt 00:00:24]} Kh6 {[%clk 00:50:09]} {[%emt 00:00:14]} 31.
Rh7+ {[%clk 00:17:08]} {[%emt 00:01:24]} Kg5 {[%clk 00:50:30]} {[%emt
00:00:08]} 32. f4+ {[%clk 00:16:30]} {[%emt 00:01:10]} Kf5 {[%clk 00:44:48]}
{[%emt 00:06:11]} 33. Rb5+ {[%clk 00:16:20]} {[%emt 00:00:40]} Ke4 {[%clk
00:44:47]} {[%emt 00:00:30]} 34. Re7+ {[%clk 00:15:54]} {[%emt 00:00:58]} Kxf4
{[%clk 00:44:56]} {[%emt 00:00:20]} 35. Rxe2 {[%clk 00:16:07]} {[%emt
00:00:18]} Rxe2 {[%clk 00:45:24]} {[%emt 00:00:02]} 36. Rb6 {[%clk 00:12:27]}
{[%emt 00:04:10]} Kg5 {[%clk 00:45:21]} {[%emt 00:00:31]} 37. Rc6 {[%clk
00:10:02]} {[%emt 00:02:57]} Rb2 {[%clk 00:43:35]} {[%emt 00:02:16]} 38. Rc4
{[%clk 00:10:26]} {[%emt 00:00:05]} f5 {[%clk 00:43:30]} {[%emt 00:00:33]} 39.
h4+ {[%clk 00:09:00]} {[%emt 00:01:58]} Kh5 {[%clk 00:40:06]} {[%emt 00:03:54]}
40. Kh3 {[%clk 00:09:11]} {[%emt 00:00:22]} Rb3+ {[%clk 00:40:07]} {[%emt
00:00:25]} 41. g3 {[%clk 00:08:38]} {[%emt 00:01:03]} Rb2 {[%clk 00:40:15]}
{[%emt 00:00:22]} 42. Rc8 {[%clk 00:05:54]} {[%emt 00:03:23]} Kh6 {[%clk
00:40:32]} {[%emt 00:00:04]} 43. Rh8+ {[%clk 00:04:44]} {[%emt 00:01:40]} Kg7
{[%clk 00:40:56]} {[%emt 00:00:07]} 44. Rb8 {[%clk 00:05:11]} {[%emt 00:00:04]}
Kh6 {[%clk 00:34:23]} {[%emt 00:07:00]} 45. b5 {[%clk 00:04:26]} {[%emt
00:01:18]} g5 {[%clk 00:28:16]} {[%emt 00:06:34]} 46. hxg5+ {[%clk 00:04:22]}
{[%emt 00:00:37]} Kxg5 {[%clk 00:28:44]} 47. b6 {[%clk 00:02:58]} {[%emt
00:01:55]} Kg6 {[%clk 00:29:05]} {[%emt 00:00:08]} 48. Rb7 {[%clk 00:01:57]}
{[%emt 00:01:31]} Kh6 {[%clk 00:29:22]} {[%emt 00:00:12]} 49. Rb8 {[%clk
00:02:01]} {[%emt 00:00:29]} Kg6 {[%clk 00:29:45]} {[%emt 00:00:04]} 50. g4
{[%clk 00:26:28]} {[%emt 00:06:03]} fxg4+ {[%clk 00:59:18]} {[%emt 00:00:57]}
51. Kxg4 {[%clk 00:26:53]} {[%emt 00:00:06]} Kf6 {[%clk 00:59:14]} {[%emt
00:00:33]} 52. Rh8 {[%clk 00:25:42]} {[%emt 00:01:41]} Kg7 {[%clk 00:59:21]}
{[%emt 00:00:23]} 53. Rb8 {[%clk 00:26:01]} {[%emt 00:00:12]} Kf6 {[%clk
00:59:46]} {[%emt 00:00:04]} 54. Kf4 {[%clk 00:25:10]} {[%emt 00:01:22]} Ke6
{[%clk 01:00:07]} {[%emt 00:00:08]} 55. b7 {[%clk 00:24:41]} {[%emt 00:01:00]}
Kd7 {[%clk 01:00:28]} {[%emt 00:00:08]} 56. Rh8 {[%clk 00:24:56]} {[%emt
00:00:16]} Rxb7 {[%clk 01:00:53]} {[%emt 00:00:05]} 57. Rh7+ {[%clk 00:25:23]}
{[%emt 00:00:03]} Kc6 {[%clk 01:01:17]} {[%emt 00:00:05]} 58. Rxb7 {[%clk
00:25:49]} {[%emt 00:00:04]} Kxb7 {[%clk 01:01:44]} {[%emt 00:00:03]} 59. Ke4
{[%emt 00:00:05]} 1/2-1/2

[Event "DEM U18 2023"]
[Site "Willingen GER"]
[Date "2023.05.29"]
[Round "3"]
[White "Albert, Markus"]
[Black "Bilovil, Bogdan"]
[Result "0-1"]
[Termination "normal"]
[Board "2"]
[BlackTitle "FM"]
[WhiteElo "2232"]
[BlackElo "2348"]
[WhiteClock "00:00:50"]
[BlackClock "00:04:40"]
[PlyCount "80"]
[WhiteFideId "16292626"]
[BlackFideId "14168766"]
[EventCountry "GER"]
[EventRounds "9"]
[EventType "swiss"]
[EventDate "2023.05.27"]

1. e4 {[%clk 01:30:57]} {[%emt 00:00:04]} e6 {[%clk 01:30:48]} {[%emt
00:00:18]} 2. Nc3 {[%clk 01:26:19]} {[%emt 00:04:59]} d5 {[%clk 01:31:03]}
{[%emt 00:00:16]} 3. Nf3 {[%clk 01:25:13]} {[%emt 00:01:36]} Nf6 {[%clk
01:29:25]} {[%emt 00:02:07]} 4. e5 {[%clk 01:25:05]} {[%emt 00:00:37]} Nfd7
{[%clk 01:29:43]} {[%emt 00:00:12]} 5. d4 {[%clk 01:25:06]} {[%emt 00:00:29]}
c5 {[%clk 01:29:51]} {[%emt 00:00:22]} 6. Bg5 {[%clk 01:24:44]} {[%emt
00:00:51]} Qb6 {[%clk 01:18:46]} {[%emt 00:11:36]} 7. dxc5 {[%clk 01:13:56]}
{[%emt 00:11:17]} Bxc5 {[%clk 01:14:36]} {[%emt 00:04:43]} 8. Qd2 {[%clk
01:13:03]} {[%emt 00:01:22]} Bxf2+ {[%clk 01:03:16]} {[%emt 00:11:50]} 9. Qxf2
{[%clk 00:36:15]} {[%emt 00:37:16]} Qxb2 {[%clk 01:02:55]} {[%emt 00:00:51]}
10. Kd2 {[%clk 00:35:21]} {[%emt 00:01:25]} Qxa1 {[%clk 01:02:50]} {[%emt
00:00:35]} 11. Bb5 {[%clk 00:35:08]} {[%emt 00:00:43]} Qxh1 {[%clk 00:52:10]}
{[%emt 00:11:10]} 12. Qc5 {[%clk 00:34:36]} {[%emt 00:01:02]} Qxg2+ {[%clk
00:51:55]} {[%emt 00:00:46]} 13. Ne2 {[%clk 00:33:46]} {[%emt 00:01:20]} Nc6
{[%clk 00:43:01]} {[%emt 00:09:24]} 14. Bxc6 {[%clk 00:32:38]} {[%emt
00:01:38]} Qxg5+ {[%clk 00:43:10]} {[%emt 00:00:22]} 15. Nxg5 {[%clk 00:33:01]}
{[%emt 00:00:08]} bxc6 {[%clk 00:43:34]} {[%emt 00:00:05]} 16. Qd6 {[%clk
00:26:57]} {[%emt 00:06:36]} Nb6 {[%clk 00:35:56]} {[%emt 00:08:07]} 17. Ke1
{[%clk 00:23:30]} {[%emt 00:03:57]} Bd7 {[%clk 00:31:12]} {[%emt 00:05:14]} 18.
Nf4 {[%clk 00:18:32]} {[%emt 00:05:28]} Nc4 {[%clk 00:18:44]} {[%emt 00:12:58]}
19. Qc7 {[%clk 00:16:13]} {[%emt 00:02:50]} Rc8 {[%clk 00:17:55]} {[%emt
00:01:20]} 20. Qxa7 {[%clk 00:16:18]} {[%emt 00:00:24]} Nxe5 {[%clk 00:18:16]}
{[%emt 00:00:08]} 21. Nd3 {[%clk 00:15:38]} {[%emt 00:01:09]} Nxd3+ {[%clk
00:16:44]} {[%emt 00:02:06]} 22. cxd3 {[%clk 00:16:02]} {[%emt 00:00:03]} f6
{[%clk 00:15:52]} {[%emt 00:01:21]} 23. Nf3 {[%clk 00:12:50]} {[%emt 00:03:43]}
e5 {[%clk 00:12:32]} {[%emt 00:03:50]} 24. Nd2 {[%clk 00:12:16]} {[%emt
00:01:03]} Rd8 {[%clk 00:12:21]} {[%emt 00:00:41]} 25. Nb3 {[%clk 00:10:01]}
{[%emt 00:02:45]} O-O {[%clk 00:12:41]} {[%emt 00:00:15]} 26. Nc5 {[%clk
00:09:50]} {[%emt 00:00:38]} Bf5 {[%clk 00:10:26]} {[%emt 00:02:41]} 27. Qb6
{[%clk 00:09:38]} {[%emt 00:00:43]} Rb8 {[%clk 00:08:05]} {[%emt 00:02:49]} 28.
Qxc6 {[%clk 00:04:58]} {[%emt 00:05:14]} d4 {[%clk 00:07:31]} {[%emt 00:01:03]}
29. Qf3 {[%clk 00:04:08]} {[%emt 00:01:19]} g6 {[%clk 00:06:13]} {[%emt
00:01:48]} 30. Qd5+ {[%clk 00:04:07]} {[%emt 00:00:30]} Kg7 {[%clk 00:06:18]}
{[%emt 00:00:25]} 31. a4 {[%clk 00:03:10]} {[%emt 00:01:28]} Rb1+ {[%clk
00:06:11]} {[%emt 00:00:37]} 32. Kf2 {[%clk 00:02:37]} {[%emt 00:01:02]} Rfb8
{[%clk 00:06:30]} {[%emt 00:00:10]} 33. Qd6 {[%clk 00:02:03]} {[%emt 00:01:05]}
h5 {[%clk 00:03:50]} {[%emt 00:03:10]} 34. Qe7+ {[%clk 00:01:54]} {[%emt
00:00:39]} Kh6 {[%clk 00:04:19]} {[%emt 00:00:01]} 35. Kg3 {[%clk 00:01:01]}
{[%emt 00:01:23]} Rg1+ {[%clk 00:04:22]} {[%emt 00:00:27]} 36. Kf2 {[%clk
00:01:03]} {[%emt 00:00:28]} Rbb1 {[%clk 00:04:02]} {[%emt 00:00:50]} 37. h3
{[%clk 00:00:34]} {[%emt 00:00:59]} Rbf1+ {[%clk 00:03:50]} {[%emt 00:00:42]}
38. Ke2 {[%clk 00:01:02]} {[%emt 00:00:02]} Bxh3 {[%clk 00:03:51]} {[%emt
00:00:27]} 39. Ne4 {[%clk 00:01:03]} {[%emt 00:00:30]} Bg4+ {[%clk 00:04:12]}
{[%emt 00:00:10]} 40. Kd2 {[%clk 00:00:50]} {[%emt 00:00:42]} Rg2+ {[%clk
00:04:40]} {[%emt 00:00:02]} 0-1

[Event "DEM U18 2023"]
[Site "Willingen GER"]
[Date "2023.05.29"]
[Round "3"]
[White "Pubantz, Jan"]
[Black "Musiolik, David"]
[Result "1-0"]
[Termination "normal"]
[Board "3"]
[WhiteElo "2332"]
[BlackElo "2291"]
[WhiteClock "00:05:24"]
[BlackClock "00:25:07"]
[PlyCount "87"]
[WhiteFideId "12996114"]
[BlackFideId "12972355"]
[EventCountry "GER"]
[EventRounds "9"]
[EventType "swiss"]
[EventDate "2023.05.27"]

1. d4 {[%clk 01:30:56]} {[%emt 00:00:04]} d5 {[%clk 01:30:43]} {[%emt
00:00:23]} 2. c4 {[%clk 01:31:15]} {[%emt 00:00:12]} e6 {[%clk 01:30:59]}
{[%emt 00:00:08]} 3. Nf3 {[%clk 01:31:11]} {[%emt 00:00:25]} Nf6 {[%clk
01:31:08]} {[%emt 00:00:12]} 4. g3 {[%clk 01:31:14]} {[%emt 00:00:27]} Be7
{[%clk 01:31:17]} {[%emt 00:00:22]} 5. Bg2 {[%clk 01:31:21]} {[%emt 00:00:22]}
O-O {[%clk 01:31:08]} {[%emt 00:00:39]} 6. O-O {[%clk 01:31:39]} {[%emt
00:00:12]} c6 {[%clk 01:30:57]} {[%emt 00:00:40]} 7. Nc3 {[%clk 01:31:43]}
{[%emt 00:00:27]} a5 {[%clk 01:30:09]} {[%emt 00:01:18]} 8. Re1 {[%clk
01:32:08]} {[%emt 00:00:05]} Nbd7 {[%clk 01:20:41]} {[%emt 00:09:59]} 9. Nd2
{[%clk 01:31:15]} {[%emt 00:01:24]} Re8 {[%clk 01:09:20]} {[%emt 00:11:51]} 10.
e4 {[%clk 01:30:26]} {[%emt 00:01:20]} e5 {[%clk 01:01:22]} {[%emt 00:08:29]}
11. dxe5 {[%clk 01:28:32]} {[%emt 00:02:23]} Nxe5 {[%clk 00:59:07]} {[%emt
00:02:44]} 12. cxd5 {[%clk 01:27:31]} {[%emt 00:01:32]} Bc5 {[%clk 00:44:30]}
{[%emt 00:15:05]} 13. Nb3 {[%clk 01:13:41]} {[%emt 00:14:20]} Bg4 {[%clk
00:43:38]} {[%emt 00:01:24]} 14. Qc2 {[%clk 01:10:07]} {[%emt 00:04:02]} Bb6
{[%clk 00:39:38]} {[%emt 00:04:30]} 15. Be3 {[%clk 00:54:56]} {[%emt 00:15:41]}
cxd5 {[%clk 00:25:50]} {[%emt 00:14:17]} 16. exd5 {[%clk 00:40:03]} {[%emt
00:15:24]} Rc8 {[%clk 00:25:20]} {[%emt 00:01:00]} 17. Bxb6 {[%clk 00:31:36]}
{[%emt 00:08:57]} Qxb6 {[%clk 00:24:45]} {[%emt 00:01:05]} 18. Re3 {[%clk
00:30:34]} {[%emt 00:01:32]} Nc4 {[%clk 00:18:16]} {[%emt 00:06:59]} 19. Rxe8+
{[%clk 00:28:29]} {[%emt 00:02:35]} Rxe8 {[%clk 00:16:26]} {[%emt 00:02:19]}
20. Ne4 {[%clk 00:24:47]} {[%emt 00:04:11]} Rc8 {[%clk 00:13:51]} {[%emt
00:03:05]} 21. Re1 {[%clk 00:14:21]} {[%emt 00:10:58]} h6 {[%clk 00:10:50]}
{[%emt 00:03:30]} 22. Nxf6+ {[%clk 00:13:39]} {[%emt 00:01:12]} Qxf6 {[%clk
00:11:15]} {[%emt 00:00:08]} 23. Qc3 {[%clk 00:12:46]} {[%emt 00:01:21]} Qd6
{[%clk 00:06:51]} {[%emt 00:04:54]} 24. h3 {[%clk 00:09:41]} {[%emt 00:03:34]}
Bd7 {[%clk 00:06:48]} {[%emt 00:00:36]} 25. Nxa5 {[%clk 00:09:00]} {[%emt
00:01:09]} Nxa5 {[%clk 00:03:26]} {[%emt 00:03:52]} 26. Qxa5 {[%clk 00:09:14]}
{[%emt 00:00:18]} b6 {[%clk 00:03:33]} {[%emt 00:00:21]} 27. Qd2 {[%clk
00:06:52]} {[%emt 00:02:54]} Qc5 {[%clk 00:02:23]} {[%emt 00:01:38]} 28. a3
{[%clk 00:06:01]} {[%emt 00:01:22]} Rc7 {[%clk 00:01:26]} {[%emt 00:01:26]} 29.
Kh2 {[%clk 00:04:00]} {[%emt 00:02:30]} Rc8 {[%clk 00:01:14]} {[%emt 00:00:42]}
30. Re3 {[%clk 00:03:30]} {[%emt 00:01:00]} Qd6 {[%clk 00:00:57]} {[%emt
00:00:47]} 31. Rc3 {[%clk 00:02:57]} {[%emt 00:01:03]} Re8 {[%clk 00:00:56]}
{[%emt 00:00:31]} 32. Re3 {[%clk 00:03:06]} {[%emt 00:00:21]} Rc8 {[%clk
00:01:16]} {[%emt 00:00:10]} 33. Re1 {[%clk 00:02:38]} {[%emt 00:01:03]} h5
{[%clk 00:00:44]} {[%emt 00:00:58]} 34. Re4 {[%clk 00:02:21]} {[%emt 00:00:45]}
Bf5 {[%clk 00:00:49]} {[%emt 00:00:26]} 35. Qf4 {[%clk 00:02:08]} {[%emt
00:00:44]} Qd7 {[%clk 00:00:55]} {[%emt 00:00:24]} 36. Re5 {[%clk 00:02:11]}
{[%emt 00:00:28]} Bg6 {[%clk 00:00:48]} {[%emt 00:00:36]} 37. Re2 {[%clk
00:02:17]} {[%emt 00:00:25]} Qb5 {[%clk 00:00:34]} {[%emt 00:00:44]} 38. Qe5
{[%clk 00:02:00]} {[%emt 00:00:47]} Bd3 {[%clk 00:00:36]} {[%emt 00:00:27]} 39.
Re1 {[%clk 00:01:55]} {[%emt 00:00:35]} Qc5 {[%clk 00:00:35]} {[%emt 00:00:32]}
40. Qe3 {[%clk 00:00:52]} {[%emt 00:01:33]} Qb5 {[%clk 00:00:36]} {[%emt
00:00:30]} 41. d6 {[%clk 00:24:45]} {[%emt 00:06:36]} Qd7 {[%clk 00:28:25]}
{[%emt 00:13:48]} 42. Qe7 {[%clk 00:08:59]} {[%emt 00:06:09]} Qa4 {[%clk
00:25:36]} {[%emt 00:03:18]} 43. Bd5 {[%clk 00:05:43]} {[%emt 00:03:49]} Rf8
{[%clk 00:25:07]} {[%emt 00:00:58]} 44. Qe5 {[%clk 00:05:24]} {[%emt 00:00:49]}
1-0